El esplendor Americano la vida ordinaria es complicada (Registro nro. 55054)
[ vista simple ]
| 000 -ENCABEZADO | |
|---|---|
| Número de control [NR] | 02840nam a2200325Ia 4500 |
| 005 - FECHA Y HORA DE LA ÚLTIMA TRANSACCIÓN | |
| control field | 20140410171919.0 |
| 008 - DE LONGITUD FIJA DE DATOS DE ELEMENTOS - INFORMACIÓN GENERAL | |
| Elementos de longitud fija [NR] | 130821s2003 xx a gs spa |
| 040 ## - FUENTE DE CATALOGACION [NR] | |
| Agencia de catalogación original [NR] | Co-BoUCM |
| Idioma de catalogación [NR] | spa |
| 041 00 - CODIGO DE IDIOMA [R] | |
| Código de idioma para texto/pista de sonido o título separado [R] | Español |
| 092 ## - SIGNATURA TOPOGRAFICA LOCAL | |
| Número de clasificación local | DVD 0255 |
| 245 13 - MENCION DE TITULO [NR] | |
| Título [NR] | El esplendor Americano la vida ordinaria es complicada |
| Mención de responsabilidad, etc. [NR] | [DVD] |
| 260 ## - PUBLICACION, DISTRIBUCION, ETC. (PIE DE IMPRENTA) [R] | |
| Lugar de publicación, distribución, etc. [R] | [Lugar desconocido] |
| Nombre del editor, distribuidor, etc. [R] | HBO Films, Fine Line Features, Good Machine |
| Fecha de publicación, distribución, etc. [R] | 2003 |
| 300 ## - DESCRIPCION FISICA [R] | |
| Extensión [R] | 1 DVD |
| Otros detalles físicos [NR] | son., color |
| 500 ## - NOTA GENERAL [R] | |
| Nota general [NR] | SINOPSIS : Oriundo de Cleveland y empleado administrativo de un hospital de veteranos, Pekar es un observador muy gracioso y gruñón de las cosas extrañas e impredecibles de la vida. Es un escritor de historietas que relata su vida cotidiana, y se describe a si mismo como un lector ávido, un amante de jazz, un coleccionista obsesivo compulsivo y un pésimo amo de casa. Un poeta quisquilloso de todo lo mundano que sabe que las estrategias más seguras del mundo no lo pueden salvar de elegir la fila equivocada para pagar en un supermercado. Antes que existieran los camcorders, los Webcams, antes aún de los reality shows de 24 horas, allí estaba Harvey Pekar y su autobiografía hecha en casa a través de las historietas en serie "American Splendor". Desde 1976, las páginas de "American Splendor" han encontrado a Harvey desconcertado, enojado y maravillado ante los detalles más minuciosos de su existencia diaria. Ninguna experiencia es tan común, ningún pensamiento es tan incorrecto para que él no lo utilice en sus historias tan graciosas, frescas y compasivas. Mientras expresa su propio concepto de coraje en las historietas, Harvey Pekar dice lo que mucho de nosotros creemos y sentimos, pero que solamente soñamos en decir - algo que él nunca, pero nunca deja de manifestar-. |
| 508 ## - NOTA DE CREDITOS DE CREACION/PRODUCCION [R] | |
| Nota de créditos de creación/producción [NR] | CREDITOS : Dirección, Shari Springer Berman y Robert Pulcini; Productora, Good Machine y Home Box Office (HBO); Productor, Ted Hope; Guionista, Shari Springer Berman y Robert Pulcini. Basado en los cómics "American Splendor" de Harvey Pekar; Fotografía, Terry Stacey; Dirección artística, Robert DeSue; Vestuario, Michael Wilkinson; Música, Mark Suozzo. |
| 511 ## - NOTA DE PARTICIPANTE O INTERPRETE [R] | |
| Nota de participante o intérprete [NR] | Chris Ambrose, Joey Krajcar, Josh Hutcherson, Cameron Carter, Daniel Tay. |
| 546 ## - NOTA DE IDIOMA [R] | |
| Nota de idioma [NR] | Audio en Inglés y Español. Subtítulos en Inglés, Español y Portugués. |
| 650 04 - ASIENTO SECUNDARIO DE MATERIA - TERMINO TEMATICO [R] | |
| Término temático o nombre geográfico como elemento de entrada [NR] | Entretenimiento |
| 9 (RLIN) | 26487 |
| 650 04 - ASIENTO SECUNDARIO DE MATERIA - TERMINO TEMATICO [R] | |
| Término temático o nombre geográfico como elemento de entrada [NR] | Películas cinematográficas |
| Subdivisión geográfica [R] | Estados Unidos |
| Subdivisión de forma [R] | DVD |
| 9 (RLIN) | 7903 |
| 650 04 - ASIENTO SECUNDARIO DE MATERIA - TERMINO TEMATICO [R] | |
| Término temático o nombre geográfico como elemento de entrada [NR] | Películas sociológicas |
| Subdivisión de forma [R] | DVD |
| 9 (RLIN) | 21243 |
| 650 04 - ASIENTO SECUNDARIO DE MATERIA - TERMINO TEMATICO [R] | |
| Término temático o nombre geográfico como elemento de entrada [NR] | Sociología |
| 9 (RLIN) | 386 |
| 650 04 - ASIENTO SECUNDARIO DE MATERIA - TERMINO TEMATICO [R] | |
| Término temático o nombre geográfico como elemento de entrada [NR] | Vida cotidiana |
| Subdivisión de forma [R] | DVD |
| 9 (RLIN) | 26222 |
| 700 ## - ASIENTO SECUNDARIO - NOMBRE PERSONAL [R] | |
| Nombre personal [NR] | Springer Berman, Shari |
| Término de relación [R] | |
| 710 2# - ASIENTO SECUNDARIO - NOMBRE CORPORATIVO [R] | |
| Nombre corporativo o de jurisdicción como elemento de entrada [NR] | Fine Line Features |
| 710 2# - ASIENTO SECUNDARIO - NOMBRE CORPORATIVO [R] | |
| Nombre corporativo o de jurisdicción como elemento de entrada [NR] | Good Machine |
| 710 2# - ASIENTO SECUNDARIO - NOMBRE CORPORATIVO [R] | |
| Nombre corporativo o de jurisdicción como elemento de entrada [NR] | HBO Films |
| 765 ## - ASIENTO DE IDIOMA ORIGINAL [R] | |
| Asiento principal [NR] | American splendor |
| 856 04 - LOCALIZACION Y ACCESO ELECTRONICOS [R] | |
| Identificador Uniforme del Recurso (“URI”) [R] | <a href="http://www.youtube.com/watch?v=APpxQm7sH5k">http://www.youtube.com/watch?v=APpxQm7sH5k</a> |
| Nota dirigida al público [R] | Siga este vínculo para ver el trailer. |
| 942 ## - ELEMENTOS DE ENTRADA AGREGADOS (KOHA) | |
| Tipo de ítem principal el descrito en 300a | Multimedia |
| Sistema de clasificación | LOCAL |
| Tema principal | Sociología |
| Edición | 1 |
| Fecha de último préstamo | Total préstamos | Código de barras | Última vez visto | Volúmen / Fascículo | Ejemplar | Price effective from | Tipo de ítem | Perdido | Sistema de clasificación | Dañado | No prestable | Tipo de ítem específico | Suprimido | Ubicación habitual | Ubicación actual | Localización | Fecha de creación | Forma de adquisición | Costo |
|---|---|---|---|---|---|---|---|---|---|---|---|---|---|---|---|---|---|---|---|
| 09/09/2014 | 59 | 100089052 | 10/12/2024 | DVD 0255 | Ej.2 | 03/02/2013 | Multimedia | DEWEY | DVD | Claustro | Claustro | Colección digital | 19/02/2013 | 26000.00 | |||||
| 07/05/2012 | 100089051 | 04/12/2025 | DVD 0255 | Ej.1 | 03/02/2013 | Multimedia | LOCAL | Préstamo restringido | DVD | Procesos Técnicos | Procesos Técnicos (no para préstamo) | Procesos Técnicos | 19/02/2013 | Compra | 19900.00 |